Statistics for Crazy Frog - The Final Countdown Lyrics

Click here to take the quiz!

General Stats

  • This quiz has been taken 7 times
  • The average score is 80 of 208

Answer Stats

Lyric% Correct
And
67%
Countdown
67%
Final
67%
I
67%
Is
67%
It’s
67%
The
67%
There
67%
Us
67%
We
67%
We’re
67%
Again
33%
All
33%
Back
33%
Be
33%
But
33%
Can
33%
‘Cause
33%
Come
33%
Ding
33%
Earth
33%
Ever
33%
Farewell
33%
For
33%
Found
33%
Go
33%
Heading
33%
I’m
33%
In
33%
Leaving
33%
Light
33%
Many
33%
Maybe
33%
Ring
33%
Same
33%
Seen
33%
So
33%
Stand
33%
Still
33%
Sure
33%
Tall
33%
Tell
33%
That
33%
They’ve
33%
Things
33%
To
33%
Together
33%
Venus
33%
Welcome
33%
We’ll
33%
Who
33%
Will
33%
With
33%
Yeah
33%
Years
33%
Bem
0%
Blame
0%
Bop
0%
Borp
0%
Ground
0%
Guess
0%
Her
0%
Miss
0%
No-one
0%
This
0%

Score Distribution

Percentile by Number Answered

Percent of People with Each Score

Your Score History

You have not taken this quiz